000 02134nam a2200409 a 4500
999 _c77482
_d77482
003 BLK
005 20241125125934.0
008 180408b bul|||||r ||||||| ||bul||
040 _aBLK
041 _aBUL
_cBUL
080 _aДиференциално смятане. Диференциране. Вж и 517.5
_b517.2
_x(075.8)
_z517.2(075.8)
080 _aИнтегрално смятане. Интегриране. Вж и 517.5
_b517.3
_x(075.8)
_z517.3(075.8)
100 1 _aПроданов, Иван Рачев
_eпърви автор
_9298359
139 _aПроданов, Иван Рачев и др.
_bП 91
245 1 0 _aСборник от задачи по диференциално и интегрално смятане
_bЗа студенти от СУ Св. Климент Охридски : Ч. 1 -
_cИван Проданов, Николай Хаджииванов, Иван Чобанов.
_nЧ. 1
_pФункции на една променлива
257 _aBGR
260 _bНаука и изкуство
_c1976 -
_fЗа том: Ямбол : печ. Г. Димитров
300 _c22 см
380 _a5
650 4 _aДиференциално смятане
_9153554
650 4 _aИнтегрално смятане - учебници за ВУЗ
_9245137
650 4 _aФункции (мат.) - учебници за ВУЗ
_9272837
653 _aдиференциално смятане
653 _aинтегрално смятане
653 _aфункции
653 _aучебници за ВУЗ
700 1 _aХаджииванов, Николай Георгиев
_eсъавт.
_9372007
700 1 _aЧобанов, Иван Георгиев
_eсъавт.
_9369738
760 1 _aПроданов, Иван Рачев
_b1976
_h532 с.
_nПредм. показалец
_oЧ. 1
_tФункции на една променлива
852 _aЦб 83429
_bЦб
856 4 _qpdf
_i0.00
_ldisable
856 4 _qpdf
_i0.00
_ldisable
942 _cKNG
_n0
_s1
_01
944 _aCR
_c29.02.2008
_k30553
_lИваничка Йорданова
944 _aED
_c19.05.2008
999 _d77482